000 01765nam a2200517 i 4500
001 5704
003 KOSZ 005
005 20220915081521.0
008 970513s1991 pl a f f |001 0 pol
015 _aPB 1992/6070
020 _a8385205144
035 _a991001384209705066
035 _a(PL-WaBN)b10400412-48omnis_nlop
035 _ab10400412
035 _a(OCoLC)749869059
035 _a(PL)b0000001040041
035 _a(EXLNZ-48OMNIS_NETWORK)9910030450605606
040 _aWA N
_cWA N
_dKOSZ 005/EG
041 1 _apol
_heng
046 _k1991
080 _a330.101.542
080 _a(075.8)
100 1 _aLaidler, David E. W.
_d(1938- )
_eAutor
245 1 0 _aWstęp do mikroekonomii /
_cDavid Laidler, Saul Estrin ; [red. nauk. Marek Belka ; tł. z ang.].
246 3 0 _iTyt. oryg.:
_aIntroduction to microeconomics,
_f1989
260 _aWarszawa :
_bGebethner i Ska,
_c1991.
300 _aXVIII, 397, [1] s. :
_bwykr. ;
_c24 cm.
336 _2rdacontent
_aTekst
_btxt
337 _2rdamedia
_aBez urządzenia pośredniczącego
_bn
338 _2rdacarrier
_aWolumin
_bnc
380 _aKsiążki
380 _aPublikacje dydaktyczne
385 _mPoziom nauczania
_aSzkoły wyższe
388 _a1901-2000
388 _a1989-2000
504 _aBibliogr. przy częściach. - Indeks.
650 7 _aMikroekonomia
_2DBN
655 7 _aPodręczniki akademickie
_2DBN
658 _aGospodarka, ekonomia, finanse
700 1 _aBelka, Marek
_d(1952- )
_eRedakcja
700 1 _aEstrin, Saul
_eAutor
710 2 _aWydawnictwo Gebethner i Ska
856 _uhttp://koha.tu.koszalin.pl/cgi-bin/koha/opac-detail.pl?biblionumber=5704
_yKatalog online BPK
942 _2UKD
_cKS
999 _c5704
_d5704